000
00228 a2200097 4500
001
34750
100
_a
Harmer J
245
_a
The practice of English Language
260
_a
England
_b
Longman Group ltd
_c
090
_c
23031
_d
23031
942
_a
NUST-CAE
_c
M
_c
14483
999
_c
269823
_d
269823